000 00633nam a2200205 4500
001 132660
003 ES-MaACL
005 20230906194224.0
007 t|
008 070214s1907 fr r ||||1| fre d
100 1 _aRoosevelt, Theodore.
_999531
245 1 2 _aL'Idéal américain /
_cTheodore Roosevelt ; traduit par A. et E. de Rousiers ; préface par Paul de Rousiers.
250 _a4e éd.
260 _aParis :
_bLahure,
_c1907.
300 _aXX, 250 p. ;
_c19 x 12 cm.
700 1 _aRousiers, A. de.
_9100049
700 1 _aRousiers, E. de.
_9100050
700 1 _aRousiers, Paul de.
_9100051
852 _aES-MaACL
_jF-11370
999 _c132660
_d132660